=LDR 00000nam 2200000 4500 =001 INLIS000000000024904 =005 20130612123444 =008 ***********************************Ind** =035 ##$$0010-061300000024904 =041 ##$$a Ind =082 ##$$a 658 =090 ##$$a 658, Suk d =100 ##$$a Soekartawi =245 ##$$a Dasar penyusunan evaluasi proyek, Soekartawi =260 ##$$a 19995 $b jakarta =300 ##$$a 152 hlm, 21 cm =650 ##$$a Proyek =850 ##$$a NBPNMAT